The correlation of Dong Thap University first year English majors' proficiency in listening comprehension and their stratey use Submitted in partial fulfilment of the requirements od the degree of master in tesol

Gardado en:
Detalles Bibliográficos
Autor Principal: Tran, Thi Hien
Outros autores: Do, Minh Hung
Formato: Luận văn Conxunto Libro
Idioma:English
Publicado: Hà Nội Đại học Hà Nội 2009
Những chủ đề:
Các nhãn: Engadir etiqueta
Sen Etiquetas, Sexa o primeiro en etiquetar este rexistro!
Thư viện lưu trữ: Trung tâm Học liệu Lê Vũ Hùng, Trường Đại học Đồng Tháp
LEADER 01135ppm a22002898a 4500
001 00030033
005 20171026081023.0
008 121211s2009 ||||||engsd
041 0 # |a eng 
082 1 4 |a 428  |b C429O 
100 1 # |a Tran, Thi Hien 
245 0 0 |a The correlation of Dong Thap University first year English majors' proficiency in listening comprehension and their stratey use  |b Submitted in partial fulfilment of the requirements od the degree of master in tesol  |c Tran Thi Hien; Do Minh Hung (hướng dẫn) 
260 # # |a Hà Nội  |b Đại học Hà Nội  |c 2009 
300 # # |b minh họa  |a 90 tr.  |c 30cm. 
500 # # |a ĐTTTS ghi:Bộ giáo dục và Đào tạo. Trường Đại học Hà Nội 
653 # # |a Kỹ năng nghe 
653 # # |a Đại học Đồng Tháp 
653 # # |a Tiếng Anh 
653 # # |a Luận văn 
700 1 # |a Do, Minh Hung  |e Hướng dẫn 
852 # # |j LV.0000166 
852 # # |b Kho đọc SĐH  |j LV.0000166 
910 |d 11/12/2012 
980 # # |a Trung tâm Học liệu Lê Vũ Hùng, Trường Đại học Đồng Tháp